导出完成 — 

 Nguyên lý cắt kim loại : Giáo trình dùng cho sinh viên các trường đại học khối kỹ thuật

محفوظ في:
التفاصيل البيبلوغرافية
المؤلف الرئيسي:  Trần Văn Địch
التنسيق: Sách
اللغة:Undetermined
منشور في:  Khoa học và Kỹ thuật  2009
الموضوعات:
الوسوم: إضافة وسم
لا توجد وسوم, كن أول من يضع وسما على هذه التسجيلة!
Thư viện lưu trữ: Trung tâm Thư viện - Trường Đại học Công nghiệp TP. Hồ Chí Minh
LEADER 00600nam a2200157Ia 4500
001 UIH_04765
008 231011s9999 xx 000 0 und d
082 |a  671.5 
100 |a  Trần Văn Địch 
245 0 |a  Nguyên lý cắt kim loại : Giáo trình dùng cho sinh viên các trường đại học khối kỹ thuật 
245 0 |c  Trần Văn Địch 
260 |b  Khoa học và Kỹ thuật 
260 |c  2009 
650 |a  Cắt kim loại;  
927 |a Sách 
980 |a Trung tâm Thư viện - Trường Đại học Công nghiệp TP. Hồ Chí Minh